|
|
|
|
| LEADER |
00000nam a2200000 i 4500 |
| 005 |
20110701101434.0 |
| 008 |
010115s2000 sp 000 0 spa d |
| 017 |
|
|
|a D.L.M40325-00
|
| 020 |
|
|
|a 8471309882
|
| 035 |
|
|
|a 1594
|
| 040 |
|
|
|a SpMaUCDE
|d BUS
|d vLex
|
| 080 |
|
|
|a 347.459(460)
|
| 090 |
|
|
|c 2119
|d 2119
|
| 100 |
1 |
|
|a Aracil Voltes, Vicente.
|
| 245 |
1 |
3 |
|a La transmisin̤ del resguardo de deps̤ito emitido por los almacenes generales /
|c Vicente Aracil Voltes.
|h [Recurso electrn̤ico]
|
| 256 |
|
|
|a Servicio en ln̕ea
|
| 260 |
|
|
|a Madrid :
|b Editoriales de Derecho Reunidas,
|c 2000.
|
| 300 |
|
|
|a 378 p. ;
|c 20 cm.
|
| 490 |
1 |
|
|a Cuadernos mercantiles;
|v 2
|
| 506 |
1 |
|
|a Contenido solo disponible en los productos indicados
|d vLex Global
|d vLex Global (Academic Edition, excluding Law Schools)
|d vLex Global (U.S. Academic Edition, Law Schools)
|d vLex Global (U.S. Academic Edition, excluding Law Schools)
|d vLex Global (Academic Edition, Law Schools)
|
| 650 |
|
|
|a contrato de deps̤ito
|2 Tesauro vLex
|
| 650 |
|
|
|a Civil
|2 Tesauro vLex
|
| 650 |
|
|
|2 Tesauro vLex
|a En particular
|
| 650 |
|
|
|2 Tesauro vLex
|a El deps̤ito en almacenes generales
|
| 650 |
|
|
|2 Tesauro vLex
|a Resguardos de deps̤ito y garanta̕
|
| 740 |
0 |
4 |
|a vLex Libros (Servicio en ln̕ea)
|
| 830 |
0 |
|
|a Cuadernos mercantiles (Editoriales de Derecho Reunidas)
|
| 856 |
4 |
0 |
|u http://vlex.com/source/transmisi-n-resguardo-1594
|z Acceso restringido
|
| 942 |
|
|
|c BOOK
|